000 00722nam a2200241 i 4500
001 bg
100 1 _aSZpak, Jan.
245 1 0 _aHistoria gospodarcza powszechna /
_cJan Szpak.
260 _aWarszawa :
_bPolskie Wydaw. Ekonomiczne,
_c1997.
300 _a350 s. :
_bmapy, wykr. ;
_c24 cm.
504 _aBibliogr. s. 343. - Indeks.
650 4 _aHistoria gospodarcza
650 4 _aPodręczniki akademickie
020 _a8320811155
040 _cBPK
041 0 _apl
080 _a338.1(091)
080 _a(075.8)
920 _a83-208-1115-5
942 _cKS
008 s pl f |000 0 pol
856 _uhttp://koha.tu.koszalin.pl/cgi-bin/koha/opac-detail.pl?biblionumber=33221
_yKatalog online BPK
999 _c33221
_d33221